000 00518nam a2200181Ia 4500
008 240729s9999 xx 000 0 und d
022 _a1687-9694
245 0 _aJournal of Tropical Medicine
260 _aUnited Kingdom
260 _bHindawi Limited
650 _a Arctic medicine. Tropical medicine
650 _a Internal medicine
650 _a Special situations and conditions
650 _aMedicine
856 _uhttps://doaj.org/toc/0ea56673163a4d17a61778c38c5b56da
942 _2ddc
942 _cDOAJEJ
999 _c71513
_d71513
945 _a1
_bMadushi Gamage
_c1
_dMadushi Gamage